Soñé un caballo blanco en la playa de Bat Yam / (Record no. 193258)

MARC details
000 -LEADER
campo de control de longitud fija 02146nam a2200409 i 4500
001 - NÚMERO DE CONTROL
campo de control 193258
003 - IDENTIFICADOR DE NÚMERO DE CONTROL
campo de control SpMaBN
005 - FECHA Y HORA DE LA ÚLTIMA TRANSACCIÓN
campo de control 20250804062655.0
007 - CAMPO FIJO DE DESCRIPCIÓN FÍSICA--INFORMACIÓN GENERAL
campo de control de longitud fija ta
008 - DATOS DE LONGITUD FIJA--INFORMACIÓN GENERAL
campo de control de longitud fija 200114s2019 sp | |||| 000 f spa
017 ## - NÚMERO DE COPYRIGHT O DE DEPÓSITO LEGAL
Número de copyright o de depósito legal M 14771-2019
Agencia que asigna Oficina Depósito Legal Madrid
020 ## - NÚMERO INTERNACIONAL ESTÁNDAR DEL LIBRO
Número Internacional Estándar del Libro 9788417825188
035 ## - NÚMERO DE CONTROL DEL SISTEMA
Número de control de sistema (OCoLC)1139021583
035 ## - NÚMERO DE CONTROL DEL SISTEMA
Número de control de sistema a6642182
040 ## - FUENTE DE CATALOGACIÓN
Centro catalogador/agencia de origen SpMaBN
Lengua de catalogación spa
Centro/agencia transcriptor SpMaBN
Normas de descripción rda
080 ## - NÚMERO DE LA CLASIFICACIÓN DECIMAL UNIVERSAL
Número de la Clasificación Decimal Universal 821.134.2-31"19"
100 1# - ENTRADA PRINCIPAL--NOMBRE DE PERSONA
Nombre de persona Nistal, Gloria
Relación aut
Término indicativo de función/relación Autor
9 (RLIN) 234310
245 10 - MENCIÓN DEL TÍTULO
Título Soñé un caballo blanco en la playa de Bat Yam /
Mención de responsabilidad, etc. Gloria Nistal ; [epílogo de Sonia Cordón]
250 ## - MENCION DE EDICION
Mención de edición Primera edición: 2019
264 #1 - PRODUCCIÓN, PUBLICACIÓN, DISTRIBUCIÓN, FABRICACIÓN Y COPYRIGHT
Producción, publicación, distribución, fabricación y copyright Madrid :
Nombre del de productor, editor, distribuidor, fabricante Sial Pigmalión,
Fecha de producción, publicación, distribución, fabricación o copyright 2019
300 ## - DESCRIPCIÓN FÍSICA
Extensión 504 páginas ;
Dimensiones 21 cm
336 ## - TIPO DE CONTENIDO
Término de tipo de contenido Texto
Fuente rdacontent
337 ## - TIPO DE MEDIO
Nombre/término del tipo de medio sin mediación
Fuente rdamedia
338 ## - TIPO DE SOPORTE
Nombre/término del tipo de soporte volumen
Fuente rdacarrier
490 0# - MENCIÓN DE SERIE
Mención de serie Narrativa Pigmalión
500 ## - NOTA GENERAL
Nota general Índice
520 ## - RESUMEN, ETC.
Sumario, etc. Me admira la capacidad de Gloria para abrir su corazón y plasmarlo a la vista de todos, con ese coraje con el que vive la vida y que le ha ayudado a salir de los pozos más profundos y oscuros. Ese coraje que hace que no se deje arrastrar por el miedo, la melancolía o la añoranza por el tiempo pasado, sino que, a base de fuerza de voluntad, salga magullada pero fortalecida de cada bache. Creo que el mayor logro de un libro de viajes es que desees vivir lo que se describe en sus páginas, conocer los rincones y experimentar las experiencias que relatan, y en mi opinión, esta obra lo consigue, con un equilibrio perfecto entre divulgación, aventura e intimismo.
655 #0 - TERMINO DE INDIZACIÓN--GENERO/FORMA
Datos o término principal de género/forma Novelas
9 (RLIN) 234319
830 ## - PUNTO DE ACCESO ADICIONAL DE SERIE-TÍTULO UNIFORME
Título uniforme Narrativa Pigmalión
9 (RLIN) 234388
852 ## - LOCALIZACIÓN
Sublocalización o colección R. 154661
Ubicación en estantería Depósito J
itemnumber 200688
Número de control de estantería N-9433
Encuadernación Encuadernación rústica con solapas
Ubicación ES-MaACL
Anotaciones manuscritas Dedicatoria autógrafa de la autora
Donativo/Legado Donación: Gloria Nistal
903 ## - NOMBRE PERSONAL DE DONANTE
a Nistal, Gloria
e Donante
9 234310
942 ## - ELEMENTOS DE ENTRADA SECUNDARIOS (KOHA)
Suprimir en OPAC No
Tipo de ítem Koha Libro impreso
Holdings
Estatus retirado Estado de pérdida Fuente del sistema de clasificación o colocación Estado de daño No para préstamo Colección Biblioteca de origen Biblioteca actual Ubicación en estantería Fecha de adquisición Fuente de adquisición Número de control de estantería Total de préstamos Signatura topográfica completa Código de barras Visto por última vez Tipo de ítem Koha Nota pública
    Clasificación decimal universal     Libros con dedicatorias Biblioteca del Ateneo de Madrid Biblioteca del Ateneo de Madrid Depósito J 25/10/2023 Donación Ateneísta   N-9433 101205976 25/10/2023 Libro impreso Dedicatoria autógrafa de la autora